000 00571nam a22001937a 4500
003 NUST
005 20250923113345.0
008 250923b ||||| |||| 00| 0 eng d
020 _a9786279459800
038 _aMalang jan
082 _a658.6
_bZUB
100 1 0 _aZubair Khan,Muhammad
_9130617
245 1 0 _aPeak Performance Through Habit Rewiring /
_bMuhammad Zubair Khan
260 _bZeeKay Solution;
_c2024.
300 _a222p.:
_c22cm.
650 _aManagement
_vHabits
_9130618
942 _2ddc
_cBK
999 _c614801
_d614801